Từ Hy Thái Hậu
Spremljeno u:
| Glavni autor: | |
|---|---|
| Format: | Knjiga |
| Jezik: | Undetermined |
| Izdano: |
Tp. HCM
Văn Nghệ
2000
|
| Teme: | |
| Oznake: |
Dodaj oznaku
Bez oznaka, Budi prvi tko označuje ovaj zapis!
|
| Thư viện lưu trữ: | Trung tâm Học liệu Trường Đại học Cần Thơ |
|---|
| LEADER | 00507nam a2200169Ia 4500 | ||
|---|---|---|---|
| 001 | CTU_40307 | ||
| 008 | 210402s9999 xx 000 0 und d | ||
| 082 | |a 813.52 | ||
| 082 | |b B922t | ||
| 100 | |a Pearl S Buck | ||
| 245 | 0 | |a Từ Hy Thái Hậu | |
| 245 | 0 | |c Pearl S Buck; Dịch giả: Nguyễn Thế Vinh | |
| 260 | |a Tp. HCM | ||
| 260 | |b Văn Nghệ | ||
| 260 | |c 2000 | ||
| 650 | |a american fiction ( vietnamese ) - 20th century | ||
| 980 | |a Trung tâm Học liệu Trường Đại học Cần Thơ | ||